| 000 | 00403cam a22001097a 4500 | ||
|---|---|---|---|
| 008 | 180718b1970 xxu||||| |||| 00| 0 eng d | ||
| 082 | _aX9x54 B469 | ||
| 245 |
_aProceedings of the seminar on pollution and human environment _cby Bhabha Atomic Research Centre, Maharashtra |
||
| 260 |
_aBombay _bBhabha Atomic Research Centre _c1970 |
||
| 300 | _a585+p. | ||
| 700 | _aMaharashtra. Bhabha Atomic Research Centre | ||
| 999 |
_c498812 _d498812 |
||